| 000 | 00685cab a2200229 4500 | ||
|---|---|---|---|
| 001 | ABS52798 | ||
| 008 | 090401t1995 xxu||||| |||| 00| 0 eng d | ||
| 035 | _a(Sirsi) u257 | ||
| 041 | _aeng | ||
| 100 | _aBurton, I. | ||
| 245 | _aCommittee demands final bill for road pricing test | ||
| 260 | _c1995 | ||
| 350 | _a0 | ||
| 490 |
_aPlanning (for the Natural and Built Environment) _v(1114) 14 April 1995, 6-7(2) |
||
| 520 | _aReviews the HC Transport Committee`s report "Urban road pricing" HMSO £10.00 | ||
| 650 | _aHC TRANSPORT COMMITTEE | ||
| 650 | _aROAD PRICING | ||
| 650 | _aTRANSPORT POLICY | ||
| 690 | _aTRANSPORT AND COMMUNICATIONS | ||
| 942 | _n0 | ||
| 948 | _c04/03/1997 | ||
| 999 |
_c99 _d99 |
||